000 01552cam a2200133 4500500
005 20260208000027.0
041 _afre
042 _adc
100 1 0 _aTournès, Ludovic
_eauthor
245 0 0 _aHistoire mondiale de la diplomatie culturelle
260 _bArmand Colin,
_c2025.
520 _aDes cours de langue dispensés par les comité de l’Alliance française sur tous les continents à l’exportation de la K-pop et à la politique du Cool Japan, en passant par les émissions de Jazz de Voice of America, les tournées du Bolchoï pendant la guerre froide, ou encore les séries télévisées turques, cet ouvrage présente pour la première fois une histoire mondiale des diplomaties culturelles permettant de comprendre ce phénomène qui a pris une ampleur sans précédent depuis le milieu du  XIXe  siècle. On y croisera les États qui orchestrent en coulisse, les associations qui préparent ou relayent sur le terrain, mais aussi les artistes, intellectuels, sportifs ou scientifiques, qui participent à des degrés divers à ces stratégies de valorisation culturelle devenus au cours du xxe siècle un élément majeur des politiques extérieures étatiques. Loin d’avoir été submergées par la mondialisation, les nations n’ont pas cessé de jouer un rôle structurant dans les circulations culturelles internationales contemporaines, et au XXIe  siècle plus encore que jamais.
856 4 1 _uhttps://shs.cairn.info/histoire-mondiale-de-la-diplomatie-culturelle--9782200641856?lang=fr&redirect-ssocas=7080
999 _c1643495
_d1643495